Statistics for All Cities on Lake Michigan

Click here to take the quiz!

General Stats

  • This quiz has been taken 68 times
  • The average score is 11 of 22

Answer Stats

StatePopulation (xE3)City% Correct
Illinois8,608Chicago
100%
Wisconsin1,376Milwaukee
98%
Wisconsin207Green Bay
91%
Michigan161Muskegon
66%
Michigan47Traverse City
62%
Indiana66Michigan City
60%
Michigan61Benton Harbor-St. Joseph-Fair Plain
57%
Wisconsin134Racine
57%
Wisconsin124Kenosha
55%
Michigan100Holland
53%
Wisconsin71Sheboygan
53%
Michigan21Escanaba
45%
Michigan11Ludington
38%
Michigan9.6Manistee
38%
Michigan/Wisconsin19Marinette-Menominee
36%
Michigan8.2Petosky
36%
Michigan5.8South Haven
34%
Wisconsin46Manitowoc
26%
Michigan4.1Charlevoix
23%
Michigan3.5Manistique
23%
Wisconsin2.6Kewaunee
13%
Wisconsin3Algoma
9%

Score Distribution

Percentile by Number Answered

Percent of People with Each Score

Your Score History

You have not taken this quiz